[Event "Lotto POL-ch 2018"]
[Site "Warsaw"]
[Date "2018.05.13"]
[Round "2"]
[White "Sadzikowski, Daniel"]
[Black "Piorun, Kacper"]
[Result "0-1"]
[WhiteElo "2588"]
[BlackElo "2633"]
[Annotator "TA"]
[PlyCount "116"]
[EventDate "2018.??.??"]
[EventType "tourn"]
[EventCountry "POL"]
[SourceTitle "playchess.com"]
[Source "ChessBase"]
[SourceQuality "1"]

{[%evp 17,116,14,10,-15,-19,-33,-2,-16,-16,-24,-36,-50,-46,-35,-38,-54,-10,-12,-10,-45,-41,-72,-72,-75,-83,-80,-75,-80,-77,-76,-60,-52,-65,-70,-70,-70,-66,-66,-73,-87,-97,-114,-113,-127,-44,-44,-19,-37,-38,-32,-38,-30,-50,-35,-17,-34,-8,-20,0,-15,-16,-17,-18,-18,-8,-29,-2,0,0,-337,-321,-363,-365,-364,-229,-355,-358,-343,-338,-413,-385,-423,-423,-417,-416,-412,-409,-427,-420,-518,-493,-967,-947,-906,-754,-733,-730,-716,-708,-686,-679]} 1. d4 d5 2. c4 e6 3. Nc3 Bb4 4. a3 Bxc3+ 5. bxc3 Nf6 6. e3 c6 {E40: Nimzo-Indian: Rubinstein (4 e3): Unusual Black 4th moves} 7. a4 O-O 8. Ba3 Re8 9. Nf3 b6 {LiveBook: 6 Games} 10. Qb3 $146 ({Predecessor:} 10. cxd5 cxd5 11. Bb5 Bd7 12. Be2 Bc8 13. O-O Ba6 14. Bb5 Bxb5 15. axb5 {½-½ (29) Tomashevsky,E (2758)-Rahman,Z (2500) Baku 2015}) 10... Ba6 11. Be2 Qc8 12. cxd5 cxd5 13. Bxa6 Qxa6 14. Rc1 Rc8 15. Nd2 Nc6 16. Qb5 Qxb5 (16... Qb7 {is interesting.} 17. f3 Na5 18. O-O h6 19. Rc2 a6) 17. axb5 Na5 18. f3 Ne8 19. Ke2 Nc4 $1 {[%cal Rc4a3]} 20. Ra1 {[#]} Ncd6 $1 21. Bxd6 Nxd6 22. Kd3 Nxb5 23. c4 dxc4+ 24. Nxc4 Nc7 25. Rhc1 {Hoping for Nd6.} Nd5 26. Nd6 Rd8 27. Nb5 a5 28. Nc7 Nb4+ 29. Kc4 Rac8 30. Kb5 e5 (30... Rd6 $17 31. Na6 Nc2) 31. dxe5 $15 Nd3 32. Rc3 Nxe5 33. Kxb6 Rb8+ 34. Ka7 Rb2 35. Rxa5 f6 (35... Ng6 {is more complex.} 36. g4 Rxh2 37. Rd5 Rf8 38. g5 Rb2) 36. f4 Nf7 37. Rd5 Rc8 38. Rcc5 Rxg2 39. h4 Re2 40. Kb7 Rf8 41. Rd3 Nd8+ 42. Kb6 f5 43. Kb5 $2 {[%mdl 8192]} (43. Nb5 $11 {and White has nothing to worry.}) 43... Rb2+ $19 44. Ka4 {[#]} Ne6 $1 {[%cal Re6c5][%mdl 512]} 45. Nxe6 Ra8+ 46. Ra5 Ra2+ 47. Kb4 R2xa5 {[%mdl 4096] Endgame KRR-KRN} ({Don't do} 47... R8xa5 48. Rd8+ Kf7 49. Nd4 $19) 48. h5 R5a6 49. Nc7 Rb8+ 50. Kc5 Rh6 51. Rd7 Rxh5 52. Ne6 g6 53. Kd4 Re8 {Black is clearly winning.} 54. Ke5 (54. Nc7 $142 Re4+ 55. Kd3) 54... Rh3 55. e4 Re3 56. Kf6 Rxe4 57. Nd8 Rf8+ 58. Kg5 Re1 {Precision: White = 49%, Black = 73%.} 0-1

[Event "Lotto POL-ch 2018"]
[Site "Warsaw"]
[Date "2018.05.14"]
[Round "3"]
[White "Piorun, Kacper"]
[Black "Krasenkow, Michal"]
[Result "1-0"]
[WhiteElo "2633"]
[BlackElo "2628"]
[Annotator "TA"]
[PlyCount "69"]
[EventDate "2018.??.??"]
[EventType "tourn"]
[EventCountry "POL"]
[SourceTitle "playchess.com"]
[Source "ChessBase"]
[SourceQuality "1"]

{[%evp 13,69,32,58,38,39,31,29,0,0,0,0,-2,10,-6,-4,-6,-8,0,0,-5,0,0,-7,-13,-11,-11,0,-3,0,-42,18,18,20,-3,10,-20,-15,-24,-24,-21,-21,-25,-21,-25,44,49,32,15,79,75,91,88,91,98,99,107,5227,404]} 1. e4 c5 2. Nf3 Nc6 3. Bb5 e6 4. O-O Nge7 {[%cal Bg8e7,Be7c6,Bc6b4][%mdl 32]} 5. d4 cxd4 6. Nxd4 Qb6 7. Nxc6 {B30: Sicilian: 2...Nc6 3 Bb5, lines without ...g6} Nxc6 {LiveBook: 7 Games} (7... bxc6 8. Bd3 Ng6 9. c4 Be7 10. Nc3 O-O 11. Na4 Qc7 12. c5 d5 13. cxd6 Bxd6 14. g3 c5 {1-0 (27) Caruana,F (2811)-Lenic,L (2662) chess.com INT 2018}) 8. Bd3 (8. Nc3 {seems wilder.} Be7 9. Be3 Qc7 10. Bd3 a6 11. f4) 8... Be7 9. Nc3 $146 {White is slightly better.} ({Predecessor:} 9. Kh1 O-O 10. f4 Rd8 11. Nd2 d5 12. e5 g6 13. a3 h5 14. c3 Kg7 {1-0 (38) Vasquez Schroder,R (2546)-Frick,R (2000) Baku 2016}) 9... O-O 10. Kh1 Rd8 11. f4 d5 12. exd5 Nb4 13. dxe6 Bxe6 14. Qe2 Nxd3 15. cxd3 Bf6 16. f5 Bd5 17. Be3 Qa6 18. Rad1 Bc6 19. Rd2 h6 20. Rfd1 Rd7 21. Qg4 Kh7 (21... Re8 $1 $15 22. Bg1 Red8) 22. d4 $11 Re8 23. Qg3 Qc4 24. h3 b5 {[#] Hoping for ...b4.} 25. d5 Bxc3 26. bxc3 Rxd5 27. Rxd5 Bxd5 28. Bd4 {[%csl Gd4][%cal Rg3g7]} g5 (28... Rg8 $11) 29. fxg6+ $1 $40 {[%mdl 128] White attacks.} fxg6 30. Re1 Qc6 (30... Qc8 $11 {keeps the balance.} 31. Rxe8 Qxe8) 31. Rf1 {Black must now prevent Rf6.} Qe6 {[#]} 32. Kh2 $1 g5 33. h4 {Threatens to win with Rf6.} Qe4 34. hxg5 {aiming for Rf6.} Rg8 $2 {[%mdl 8192]} (34... Qg6 $16) 35. g6+ {Precision: White = 63%, Black = 49%.} (35. Qc7+ $142 Kg6 36. Qd6+ Be6 37. Rf4) 1-0

[Event "Lotto POL-ch 2018"]
[Site "Warsaw"]
[Date "2018.05.14"]
[Round "3"]
[White "Bartel, Mateusz"]
[Black "Sadzikowski, Daniel"]
[Result "1-0"]
[WhiteElo "2604"]
[BlackElo "2588"]
[Annotator "TA"]
[PlyCount "37"]
[EventDate "2018.??.??"]
[EventType "tourn"]
[EventCountry "POL"]
[SourceTitle "playchess.com"]
[Source "ChessBase"]
[SourceQuality "1"]

{[%evp 19,37,35,48,39,190,186,187,185,176,164,29989,29990,29990,1041,965,0,987,915,1131,1141]} 1. e4 c5 2. Nf3 d6 3. Nc3 Nf6 4. e5 dxe5 5. Nxe5 a6 6. g3 {B50: Sicilian: 2...d6, Miscellaneous} Qc7 7. d4 cxd4 8. Qxd4 Nc6 9. Nxc6 Qxc6 10. Bg5 Bg4 {[#] LiveBook: 3 Games} 11. Bxf6 $1 {[%mdl 512]} gxf6 $2 ({Much weaker is} 11... Qxh1 12. Nd5 $16) (11... h5 $14 12. Bxg7 Rd8) (11... Qxf6 12. Qxg4) 12. Qxg4 $18 Qxh1 {[#]} 13. Qa4+ $1 b5 {[#]} 14. Nxb5 $1 {[%mdl 512] [#] White wants to mate with Na7+.} axb5 $146 (14... Bh6 $18 15. Nc7+ Kf8) 15. Qxb5+ Kd8 16. O-O-O+ (16. Rd1+ $142 Kc7 17. Rd7+ Kc8 18. Rd4 Qe4+ 19. Rxe4 e5 20. Bh3+ f5 21. Bxf5+ Kc7 22. Rc4+ Bc5 23. Qxc5+ Kd8 24. Qxe5 Rxa2 25. Rd4#) 16... Kc7 17. Rd7+ ({Inferior is} 17. Qc5+ Qc6 $11) 17... Kc8 {[#]} 18. Rd5 $1 Bh6+ 19. f4 1-0

[Event "Lotto POL-ch 2018"]
[Site "Warsaw"]
[Date "2018.05.14"]
[Round "3"]
[White "Gajewski, Grzegorz"]
[Black "Duda, Jan-Krzysztof"]
[Result "1/2-1/2"]
[WhiteElo "2599"]
[BlackElo "2724"]
[Annotator "TA"]
[PlyCount "44"]
[EventDate "2018.??.??"]
[EventType "tourn"]
[EventCountry "POL"]
[SourceTitle "playchess.com"]
[Source "ChessBase"]
[SourceQuality "1"]

{[%evp 11,44,16,18,14,20,18,13,17,37,37,28,30,34,35,38,-2,-2,-8,-8,0,0,0,0,0,0,-5,0,-14,0,-1,0,-17,0,-12,0]} 1. d4 d5 2. c4 c6 3. cxd5 cxd5 4. Bf4 Nc6 5. e3 Nf6 6. Bd3 {D10: Slav Defence: 3 cxd5 (without early Nf3) and 3 Nc3} (6. Nc3 a6 7. Be2 e6 8. Rc1 Be7 9. h3 O-O 10. Nf3 b5 11. O-O Bb7 12. Bd3 Rc8 13. Qe2 Qa5 14. a3 b4 15. axb4 Nxb4 {1-0 (75) Li,C (2732)-Duda,J (2724) Liaocheng 2018}) 6... Bg4 {LiveBook: 17 Games} 7. f3 Bh5 8. Qb3 $146 ({Predecessor:} 8. Nc3 e6 9. Qb3 Qb6 10. Nb5 Rc8 11. Bd6 Qa5+ 12. Kf2 Kd7 13. Bxf8 Rhxf8 {1-0 (60) Avila Jimenez,X (2250)-Vives Jaume,O (2098) Catalunya 2013}) 8... Qd7 9. Nc3 {[%cal Bb1c3,Bc3a4,Ba4c5][%mdl 32]} Bg6 10. Bb5 e6 11. Rc1 Be7 12. Na4 O-O 13. Bxc6 bxc6 {The position is equal.} 14. Ne2 Rfc8 15. Kf2 Nh5 16. Nc5 Qd8 17. Qc3 a5 18. b3 Nf6 19. Nb7 Qf8 {Threatening ...Bb4.} 20. Nc5 Qd8 21. Nb7 Qf8 22. Nc5 Qd8 {Precision: White = 73%, Black = 62%.} 1/2-1/2

[Event "Lotto POL-ch 2018"]
[Site "Warsaw"]
[Date "2018.05.14"]
[Round "3"]
[White "Socko, Bartosz"]
[Black "Wojtaszek, Radoslaw"]
[Result "1/2-1/2"]
[WhiteElo "2593"]
[BlackElo "2750"]
[Annotator "TA"]
[PlyCount "61"]
[EventDate "2018.??.??"]
[EventType "tourn"]
[EventCountry "POL"]
[SourceTitle "playchess.com"]
[Source "ChessBase"]
[SourceQuality "1"]

{[%evp 24,61,0,-12,0,0,0,0,35,-18,-16,-4,0,-10,-4,-10,0,0,0,-15,-6,-11,-8,-20,0,-9,0,-11,0,-15,8,0,0,0,0,0,0,0,0,0]} 1. d4 Nf6 2. c4 e6 3. Nf3 d5 4. g3 Bb4+ 5. Bd2 Be7 6. Bg2 O-O 7. O-O Nbd7 8. Qc2 c6 9. Bf4 b6 10. cxd5 cxd5 11. Nc3 {E08: Closed Catalan: Main Line: 7 Qc2} (11. Rc1 Bb7 12. Qb3 Rc8 13. Rxc8 Qxc8 14. Nc3 Nh5 15. Bg5 Bxg5 16. Nxg5 Nhf6 17. e3 Qb8 18. Bf1 Rc8 {½-½ (56) So,W (2788)-Karjakin,S (2760) London 2017}) 11... Bb7 12. Rac1 Rc8 13. Qb3 {LiveBook: 7 Games} Nh5 14. Bd2 $146 ({Predecessor:} 14. a4 Nxf4 15. gxf4 {1-0 (34) Minko,V (2379)-Tsakiris,H (2298) Kavala 2016}) 14... Nhf6 15. a4 Nb8 16. Ne5 (16. Nb5 $14) 16... Nfd7 $11 {The position is equal.} 17. Nb5 Rxc1 18. Rxc1 {[#] aiming for Nxd7.} Nxe5 19. dxe5 Nc6 20. f4 Qd7 21. h4 Rc8 22. Kh2 Bc5 23. Bc3 Ba6 24. Rd1 Na5 25. Bxa5 $1 bxa5 26. e4 {[%cal Re4d5]} Bxb5 27. Qxb5 Qxb5 28. axb5 d4 29. Bf1 Bb6 30. Bd3 h5 31. Kg2 {Precision: White = 39%, Black = 50%.} 1/2-1/2

[Event "Lotto POL-ch 2018"]
[Site "Warsaw"]
[Date "2018.05.14"]
[Round "3"]
[White "Tomczak, Jacek"]
[Black "Mista, Aleksander"]
[Result "1-0"]
[WhiteElo "2589"]
[BlackElo "2590"]
[Annotator "TA"]
[PlyCount "107"]
[EventDate "2018.??.??"]
[EventType "tourn"]
[EventCountry "POL"]
[SourceTitle "playchess.com"]
[Source "ChessBase"]
[SourceQuality "1"]

{[%evp 13,107,41,48,0,34,29,30,32,25,32,31,7,38,28,39,0,0,0,0,0,0,0,16,19,20,20,20,13,23,20,24,18,25,25,52,38,40,43,50,0,84,84,84,74,78,84,93,96,84,91,111,100,110,111,217,204,179,106,106,83,195,84,84,84,84,84,118,91,77,25,68,25,25,25,91,91,238,241,226,91,91,91,91,91,1791,1644,5380,4931,29957,29958,11968,5380,29977,29978,29985,29986]} 1. e4 c5 2. Nf3 d6 3. d4 cxd4 4. Nxd4 Nf6 5. Nc3 g6 6. Be3 Bg7 7. f3 O-O {LiveBook: 5132 Games} 8. Qe2 {B76: Sicilian Dragon: Yugoslav Attack, 9 g4 and 9 0-0-0} (8. Qd2 Nc6 9. O-O-O d5 10. Qe1 e5 11. Nxc6 bxc6 12. exd5 Nxd5 13. Bc4 Be6 14. Kb1 Rb8 15. Ne4 Qc7 16. Bc5 Rfd8 17. g4 h6 18. Bb3 a5 19. Rg1 Rd7 20. h4 Rbd8 21. a4 Nf4 22. Rxd7 Rxd7 23. Bxe6 Nxe6 {½-½ (32) Anand,V (2776)-Nakamura,H (2787) Moscow 2018}) 8... Nc6 9. O-O-O Nxd4 10. Bxd4 {White has an edge.} Be6 11. Kb1 $146 ({Predecessor:} 11. g4 Qa5 12. a3 Rfc8 13. Qb5 Qc7 14. h4 {0-1 (36) Torres Pacheco,J-Posada Zuluaga,J (1980) Bogota 2010}) 11... Qa5 12. Qb5 Qxb5 13. Nxb5 Bd7 14. Nc7 Rac8 15. Nd5 Nxd5 16. exd5 Bxd4 17. Rxd4 Rc5 18. Bd3 Rfc8 19. Re1 Kf8 20. g4 a5 21. a3 b5 22. b3 Rb8 23. Kb2 Rb6 24. b4 axb4 25. axb4 Rc7 26. g5 e5 (26... Bf5 $11) 27. Rh4 $16 Kg7 28. f4 exf4 29. Rxf4 {And now Re7 would win.} Bc8 30. Re8 Bb7 31. Rb8 Rc8 32. Rxc8 Bxc8 {[%mdl 4096] Endgame KRB-KRB} 33. Kb3 Rb8 (33... Rb7 $16) 34. Rf6 $18 Rb6 35. Rf1 ({Better is} 35. Bxb5 $1 $18 Rxb5 36. c4 (36. Rxd6 Bg4 $14)) 35... Rb7 36. Kc3 h6 (36... Rc7+ $16 37. Kb2 Rb7) 37. h4 (37. gxh6+ $18 Kxh6 38. Rf6) 37... hxg5 $16 38. hxg5 Bd7 39. Kd4 Ra7 40. c4 bxc4 41. Bxc4 (41. Kxc4 $16 Rb7 42. Kc3) 41... Rb7 42. Rb1 f6 43. b5 {aiming for b6.} fxg5 (43... Rb8 $11 {keeps the balance.}) 44. b6 Kf6 (44... g4 $16) 45. Ba6 $18 {[%mdl 1024] White has strong compensation.} Rb8 46. b7 (46. Rf1+ $1 $18 {and the rest is easy.} Ke7 47. b7) 46... g4 $16 {[#]} 47. Rc1 $1 {[%cal Rc1c8]} Kg5 {[#]} 48. Ke3 $1 {Hoping for Rc8.} Re8+ $2 {[%mdl 8192]} (48... Bb5 $16 49. Rc8 (49. Bxb5 Rxb7 50. Ba4 Re7+ 51. Kf2 Rf7+ 52. Kg2 Rf5 $16) 49... g3 50. Rxb8 Bxa6) 49. Kf2 $18 Kh4 50. Kg2 g3 51. Rc4+ Bg4 52. Rb4 Rb8 53. Be2 Rxb7 54. Rxg4+ {Precision: White = 62%, Black = 35%.} ({Not} 54. Rxb7 Bxe2 55. Rb4+ Kg5 $11) 1-0

[Event "Lotto POL-ch 2018"]
[Site "Warsaw"]
[Date "2018.05.15"]
[Round "4"]
[White "Wojtaszek, Radoslaw"]
[Black "Tomczak, Jacek"]
[Result "1/2-1/2"]
[WhiteElo "2750"]
[BlackElo "2589"]
[Annotator "TA"]
[PlyCount "108"]
[EventDate "2018.??.??"]
[EventType "tourn"]
[EventCountry "POL"]
[SourceTitle "playchess.com"]
[Source "ChessBase"]
[SourceQuality "1"]

{[%evp 19,108,32,48,30,15,54,39,47,62,70,58,66,62,23,24,0,0,-8,0,-29,-16,-63,-58,-143,-141,-191,-191,-191,-191,-191,-191,-191,-191,-193,-193,-193,-193,-193,-193,-189,-190,-218,-213,-243,-243,-237,-237,-247,-247,-247,-236,-240,-240,-222,-210,-207,-209,-206,-177,-194,-160,-160,-160,-160,-160,-111,-127,-164,-164,-164,-164,-164,-164,-164,-164,-164,-164,-164,-14,-14,0,-164,0,-14,0,0,0,0,0,0,0]} 1. d4 Nf6 2. c4 g6 3. Nf3 Bg7 4. g3 d5 5. cxd5 Nxd5 6. Bg2 O-O 7. O-O c5 8. e4 Nf6 9. e5 Nd5 {[%cal Bf6d5,Bd5b4,Bb4c2][%mdl 32]} 10. dxc5 Na6 {LiveBook: 27 Games. D75: Fianchetto Grünfeld: Main Line with 7...c5} (10... Nc6 11. Qa4 Qc7 12. Rd1 Be6 13. Nc3 Nxc3 14. bxc3 Rfd8 15. Bf4 Na5 16. Ng5 Qxc5 17. Nxe6 fxe6 18. Rd7 Rxd7 19. Qxd7 {1-0 (38) Korobov,A (2656)-Sutovsky,E (2622) Poikovsky 2016}) 11. Qd4 Ndb4 {aiming for ...Nc2.} 12. Qh4 {Hoping for Nc3.} Nc2 $1 {[%cal Rc2a1] White is slightly better.} 13. Bg5 $146 ({Inferior is} 13. Ng5 h6 $17) ({Predecessor:} 13. Nc3 Nxa1 14. Bh6 Nc2 15. Rd1 Qc7 16. Nd5 Qxc5 17. Ng5 Bf5 18. Bxg7 h5 19. Bxf8 Rxf8 20. Ne4 Bxe4 21. Bxe4 Kg7 22. Rc1 {1-0 (22) Martinovic,S (2507)-Fercec,N (2498) Porec 2010}) 13... Qd7 14. Nc3 Nxa1 15. Rxa1 f6 16. Be3 Qg4 17. Qxg4 Bxg4 18. a3 Rad8 19. h3 Bd7 $36 {[%mdl 2048] Black has the initiative.} 20. b4 Nc7 21. a4 (21. Nd2 $15) 21... fxe5 $17 22. Nd2 {[#]} e4 $1 23. Ndxe4 {[#]} (23. Ncxe4 Bxa1) 23... Nd5 $1 {[%cal Rd5c3][%mdl 512]} 24. Nxd5 Bxa1 25. Nxe7+ Kg7 26. Nd6 Bxa4 27. Bxb7 Rd7 $1 {[%cal Rd7e7]} 28. Bc6 Bxc6 ({Don't do} 28... Rxe7 29. Bxa4 a6 30. Kg2 $17) 29. Nxc6 a6 30. Kf1 Kf6 31. b5 axb5 32. Nxb5 Ra8 33. Ncd4 Bxd4 34. Bxd4+ Ke6 35. c6 Rf7 36. Be3 Rc8 37. Kg2 Kd5 38. c7 Ke6 39. Bf4 {[#]} Rxf4 $1 {[%mdl 512]} 40. gxf4 $19 {[%mdl 4096] Endgame [#] KR-KN} Kd5 $1 41. Kf3 Kc5 42. Nc3 Rxc7 43. h4 Rf7 44. Ne4+ Kd5 45. Ng3 {[#]} h5 $1 46. Nf1 Rf8 47. Ne3+ Kd4 48. Nf1 Kd3 ({Better is} 48... Rf7 $19 {...Kd5 is the strong threat.} 49. Ng3 Rf8 50. Ne2+ Kd5) 49. Ng3 $11 Kd4 {Threatens to win with ...Rf7.} 50. Ne2+ $2 (50. Nf1 $1 $11) 50... Kd3 ({Black should try} 50... Kd5 $19 {White must now prevent ...Rc8.} 51. Ng3 Ra8) 51. Ng3 $1 {The position is equal.} Rf5 52. Nxf5 gxf5 53. Kg2 $1 Ke2 54. Kg3 Kd2 {Precision: White = 46%, Black = 65%.} 1/2-1/2

[Event "Lotto POL-ch 2018"]
[Site "Warsaw"]
[Date "2018.05.15"]
[Round "4"]
[White "Piorun, Kacper"]
[Black "Bartel, Mateusz"]
[Result "1-0"]
[WhiteElo "2633"]
[BlackElo "2604"]
[Annotator "TA"]
[PlyCount "85"]
[EventDate "2018.??.??"]
[EventType "tourn"]
[EventCountry "POL"]
[SourceTitle "playchess.com"]
[Source "ChessBase"]
[SourceQuality "1"]

{[%evp 15,85,28,24,22,29,17,27,22,47,25,31,0,20,-15,37,2,3,0,58,53,57,58,60,63,75,72,79,70,86,75,82,77,147,177,257,179,220,239,210,227,231,148,150,156,170,165,173,149,221,208,202,208,241,239,407,415,408,409,572,570,826,775,766,594,1217,1182,1475,1450,1266,1236,1334,1278]} 1. e4 c6 2. d4 d5 3. Nc3 dxe4 4. Nxe4 Bf5 5. Ng3 Bg6 6. Nh3 Nd7 7. Bc4 {B18: Classical Caro-Kann: 4...Bf5 sidelines} e6 8. Nf4 Bd6 {LiveBook: 12 Games} 9. Nxg6 {White has an edge.} (9. Bb3 Ngf6 10. Qf3 Qc7 11. h4 e5 12. Nxg6 hxg6 13. Bg5 exd4 14. O-O-O O-O-O 15. Rxd4 Be5 16. Rdd1 Nc5 17. Bc4 b5 18. Bxb5 cxb5 19. Qa8+ Qb8 20. Qc6+ Qc7 21. Qa8+ {½-½ (21) Fedorchuk,S (2624)-Postny,E (2611) Sibenik 2016}) 9... hxg6 10. Ne4 Ndf6 11. Ng5 Nd5 $146 ({Predecessor:} 11... Ne7 12. c3 Qc7 13. g3 c5 14. Qa4+ Nc6 15. dxc5 Bxc5 {½-½ (30) Kovalevskaya,E (2405)-Nechaeva,M (2424) St Petersburg 2017}) 12. h4 (12. g3 {seems wilder.} Be7 13. Nf3 c5 14. O-O Kf8 15. c3) 12... Ngf6 13. Bd2 Qc7 14. Qe2 Bf4 (14... Qb6 $11 15. O-O-O Qxd4) 15. O-O-O Bxd2+ 16. Rxd2 O-O-O ({Better is} 16... Rb8 $11) 17. g3 $14 Rd7 18. Rhd1 Rhd8 19. Bb3 Qa5 20. Nf3 Re7 21. Kb1 Nb6 22. Rd3 Qh5 23. Qe1 Qb5 {[#]} (23... Kb8 $142) 24. a4 $1 $16 {[%mdl 512]} Qf5 (24... Qa6 {keeps fighting.} 25. Ne5 Nfd7) (24... Nxa4 25. c4) 25. Ng5 {Strongly threatening Nxf7!} Nbd5 26. c4 Nc7 27. Bc2 Qg4 28. Qb4 Red7 29. Nf3 ({Much less strong is} 29. Rb3 $6 Na6 $14) 29... Na6 30. Qe1 $1 Qh5 31. Ne5 Re7 {[#]} (31... Rc7 $16 {was called for.} 32. f4 Ng4) 32. b4 $1 $18 Nd7 {[#]} 33. Nf3 $1 Rde8 34. b5 Nc7 $2 (34... Nab8 35. Qa5 a6) 35. bxc6 bxc6 36. Ne5 Nxe5 37. dxe5 {White is clearly winning.} Na8 38. Qe4 Rc7 39. Rd6 Nb6 40. Rxc6 Nd7 41. Rxc7+ Kxc7 42. Qd4 Rb8+ 43. Kc1 {Precision: White = 75%, Black = 34%.} 1-0

[Event "Lotto POL-ch 2018"]
[Site "Warsaw"]
[Date "2018.05.15"]
[Round "4"]
[White "Krasenkow, Michal"]
[Black "Duda, Jan-Krzysztof"]
[Result "1/2-1/2"]
[WhiteElo "2628"]
[BlackElo "2724"]
[Annotator "TA"]
[PlyCount "176"]
[EventDate "2018.??.??"]
[EventType "tourn"]
[EventCountry "POL"]
[SourceTitle "playchess.com"]
[Source "ChessBase"]
[SourceQuality "1"]

{[%evp 17,175,10,19,13,20,11,39,27,53,37,56,8,0,2,0,-32,-18,-35,-27,-33,-43,-53,-34,-80,-79,-83,-89,-89,-89,-89,-89,-89,-84,-89,-89,-89,-89,-96,-91,-89,-89,-89,-80,-96,-96,-96,-96,-96,-96,-97,-97,-111,-96,-96,-96,-96,-96,-96,-81,-96,-96,-96,-96,-97,-96,-106,-66,-66,-66,-66,-66,-66,-66,-66,-66,-66,-66,-66,-66,-66,-66,-66,-66,-66,-66,-66,-66,-66,-66,-66,-66,-66,-66,-66,-66,-66,-66,-66,0,-66,-66,-66,-66,-66,-66,-66,-66,-66,-66,-66,-66,-66,-66,-66,-66,-66,-66,-66,-66,-66,-66,-66,-66,-66,-66,-66,-38,-38,-38,-38,-38,-38,-38,-38,-38,-38,-38,-38,-38,-38,-38,-38,-38,-38,-38,-38,-38,-38,-38,-38,-38,-38,-38,-38,-8,-292,-292,-292,-292,-292]} 1. Nf3 d5 2. d4 Nf6 3. c4 dxc4 4. e3 e6 5. Bxc4 c5 6. Qe2 a6 7. dxc5 Bxc5 8. O-O Nc6 9. a3 Bd6 {LiveBook: 11 Games. D28: Queen's Gambit Accepted: Classical main line: 7 Qe2 with early ...Nc6} (9... Qc7 10. b4 Bd6 11. Bb2 Ne5 12. Nbd2 Bd7 13. Rac1 Qb8 14. Nxe5 Bxe5 15. Bxe5 Qxe5 16. Nf3 Qb8 17. Rfd1 {½-½ (99) Wen,Y (2605)-Xu,X (2549) Shenzhen 2017}) 10. b4 b5 11. Bb3 Bb7 $146 {The position is equal.} ({Predecessor:} 11... Ne5 12. Nbd2 Bb7 13. Bb2 Nxf3+ 14. Nxf3 O-O 15. Rfd1 Qe7 16. Ne5 Rac8 17. Rac1 {½-½ (40) Gazi,M (2272)-Bleker,F (2270) FICGS email 2011}) 12. Bb2 Qb8 13. Nbd2 Ne5 14. Nxe5 Bxe5 15. Bxe5 Qxe5 16. Nf3 (16. Bc2 {keeps more tension.} O-O 17. Nb3 Rfd8 18. Nc5 Bc6 19. Rac1) 16... Bxf3 17. Qxf3 O-O 18. Qf4 Qc3 19. Rab1 Rac8 20. a4 bxa4 21. Bxa4 Rc4 22. Rb3 {[#]} Qxb3 $1 23. Bxb3 Rxf4 24. exf4 $17 {[%mdl 4096] Endgame KRB-KRN} Rb8 25. Ra1 Rxb4 26. Rxa6 {[#] Intending Ra8+ and mate.} g6 {[%cal Bg7g6,Bg6g5][%mdl 32]} 27. Bc2 Rxf4 28. Ra4 Rxa4 29. Bxa4 {KB-KN} g5 30. g3 Kg7 31. Kg2 Nd5 32. Kf3 f5 33. Bd7 Kf6 34. Ke2 Ke7 35. Bc8 h6 36. Kd3 Nf6 37. f3 Nh5 38. Kd4 Kd6 39. Ba6 Nf6 40. Bd3 h5 41. Bc4 h4 42. gxh4 gxh4 43. Ba6 Nd5 44. Bc4 Nf4 45. Bb3 Ng2 46. Bc4 e5+ 47. Kd3 Ke7 48. Ke2 Kf6 49. Kf2 $1 {[%cal Rf2g2]} Nf4 50. Ke3 Kg5 51. Bb3 Ng6 52. Bc4 Ne7 53. Bb3 Nc8 54. Be6 Nd6 55. Bd5 Nb5 56. Bc4 Nc3 57. Bb3 Nb5 58. Bc4 $1 {[%cal Rc4b5]} Nc7 59. Bb3 Ne8 60. Bf7 Nf6 61. Be6 Kg6 62. Kd3 Nh5 63. Ke3 Kf6 64. Bc4 Nf4 65. Bb3 Nh3 66. Bc4 Ke7 67. Ba6 Nf4 68. Bc4 Kd6 69. Bg8 Ne6 70. Bf7 Ng5 71. Bh5 Ke6 72. f4 exf4+ 73. Kxf4 Kf6 74. Be2 Ne6+ 75. Kf3 Kg5 {aiming for ...Nd4+.} 76. Ba6 Nd4+ (76... Nc5 $5 {[%cal Rc5a6]} 77. Bb5 Ne6 $17) 77. Ke3 Nc6 78. Kf3 Ne5+ 79. Kg2 Kg4 80. Bc8 Nd3 81. Bd7 Nb2 82. Bc8 Nc4 83. Bd7 Ne3+ 84. Kf2 Kf4 85. Bc8 h3 86. Bxf5 $2 {[%mdl 8192]} (86. Ke2 $11 {and White is okay.}) 86... Nxf5 $19 {Black has a decisive advantage.} 87. Kg1 Nh4 88. Kh1 Nf3 $2 {Precision: White = 75%, Black = 74%.} (88... Kf3 89. Kg1 Kf4) 1/2-1/2